Mononuclear bromide complexes of Sb(V): crystal structures and thermal behaviour; Journal of Molecular Structure: Theochem; Vol. 1160
| Parent link: | Journal of Molecular Structure: Theochem: Scientific Journal Vol. 1160.— 2018.— [P. 102-106] |
|---|---|
| Autor Corporativo: | |
| Outros autores: | , , , , , |
| Summary: | Title screen Reactions of Sb2O3 dissolved in HBr/Br2 and bromides of pyridinium-derived cations result in mononuclear complexes of Sb(V) – (cation)[SbBr6] (cation=2-chloropyridinium (1), 2-bromopyridinium (2)). Thermal behaviour of 1 and 2, as well as similar previously reported complexes Et4N [SbBr6] (3) and (N-EtPy)[SbBr6] (4), was studied and discussed. Режим доступа: по договору с организацией-держателем ресурса |
| Idioma: | inglés |
| Publicado: |
2018
|
| Subjects: | |
| Acceso en liña: | https://doi.org/10.1016/j.molstruc.2018.01.092 |
| Formato: | MixedMaterials Electrónico Capítulo de libro |
| KOHA link: | https://koha.lib.tpu.ru/cgi-bin/koha/opac-detail.pl?biblionumber=657791 |
MARC
| LEADER | 00000naa0a2200000 4500 | ||
|---|---|---|---|
| 001 | 657791 | ||
| 005 | 20250123141135.0 | ||
| 035 | |a (RuTPU)RU\TPU\network\24552 | ||
| 090 | |a 657791 | ||
| 100 | |a 20180321d2018 k||y0engy50 ba | ||
| 101 | 0 | |a eng | |
| 102 | |a US | ||
| 135 | |a drnn ---uucaa | ||
| 181 | 0 | |a i | |
| 182 | 0 | |a b | |
| 200 | 1 | |a Mononuclear bromide complexes of Sb(V): crystal structures and thermal behaviour |f S. A. Adonin [et al.] | |
| 203 | |a Text |c electronic | ||
| 300 | |a Title screen | ||
| 320 | |a [References: 59 tit.] | ||
| 330 | |a Reactions of Sb2O3 dissolved in HBr/Br2 and bromides of pyridinium-derived cations result in mononuclear complexes of Sb(V) – (cation)[SbBr6] (cation=2-chloropyridinium (1), 2-bromopyridinium (2)). Thermal behaviour of 1 and 2, as well as similar previously reported complexes Et4N [SbBr6] (3) and (N-EtPy)[SbBr6] (4), was studied and discussed. | ||
| 333 | |a Режим доступа: по договору с организацией-держателем ресурса | ||
| 461 | |t Journal of Molecular Structure: Theochem |o Scientific Journal | ||
| 463 | |t Vol. 1160 |v [P. 102-106] |d 2018 | ||
| 610 | 1 | |a электронный ресурс | |
| 610 | 1 | |a труды учёных ТПУ | |
| 610 | 1 | |a комплексы | |
| 610 | 1 | |a дифрактометрия | |
| 610 | 1 | |a рентгеновская дифрактометрия | |
| 701 | 1 | |a Adonin |b S. A. |g Sergey Aleksandrovich | |
| 701 | 1 | |a Bondarenko |b M. A. |g Mikhail | |
| 701 | 1 | |a Samsonenko |b D. G. |g Denis Gennadievich | |
| 701 | 1 | |a Semitut |b E. Yu. |c chemist |c research engineer at Tomsk Polytechnic University |f 1985- |g Evgeny Yurjevich |3 (RuTPU)RU\TPU\pers\36264 | |
| 701 | 1 | |a Sokolov |b M. N. |g Maksim Nailjevich | |
| 701 | 1 | |a Fedin |b V. P. |g Vladimir Petrovich | |
| 712 | 0 | 2 | |a Национальный исследовательский Томский политехнический университет (ТПУ) |b Институт физики высоких технологий (ИФВТ) |b Кафедра биотехнологии и органической химии (БИОХ) |3 (RuTPU)RU\TPU\col\18693 |
| 801 | 2 | |a RU |b 63413507 |c 20180321 |g RCR | |
| 856 | 4 | |u https://doi.org/10.1016/j.molstruc.2018.01.092 | |
| 942 | |c CF | ||